000
00264nam a2200109Ia 4500
008
230907s9999||||xx |||||||||||||| ||und||
082
_a
301.0721
_b
NEU
245
0
_a
Social research methods :
260
_a
Pearson,
_b
Noida :
_c
2015
300
_a
600 p.
942
_c
BK
999
_c
601541
_d
601541